Beyonce's songs - Statistiques

Statistiques générales
  • Ce quiz a été pris 1 016 fois
  • Le résultat moyen est 30 sur 101
Statistiques - réponses
Hint Réponse % Correct
Dangerously in love Crazy in Love
80%
Drunk in Love
69%
Formation
66%
Halo
66%
Cuff it
64%
...Sasha Fierce Single Ladies
63%
Break My Soul
61%
Alien Superstar
58%
7/11
56%
Run the World
56%
YONCÉ / Partition
56%
Cozy
55%
B'Day Déjà Vu
54%
Love on Top
54%
America Has a Problem
51%
Diva
51%
Energy
51%
Heated
51%
Renaissance I'm That Girl
50%
Summer Renaissance
50%
Hold Up
48%
Baby Boy
47%
Sorry
47%
Virgo's Groove
46%
4 1+1
45%
I Am... If I Were a Boy
44%
Pure Honey
43%
Naughty Girl
42%
Daddy
41%
Freedom
41%
Move
41%
All Night
40%
Church Girl
40%
Thique
39%
Flawless
38%
BEYONCÉ Pretty Hurts
36%
I Care
35%
Plastic Off the Sofa
35%
6 Inch
33%
All Up in Your Mind
33%
Ghost / Haunted
33%
Me, Myself and I
33%
Blue
31%
Irreplaceable
31%
Sweet Dreams
31%
XO
31%
Daddy Lessons
29%
Don't Hurt Yourself
29%
Blow
28%
Lemonade Pray You Catch Me
28%
Countdown
27%
Upgrade U
27%
Love Drought
26%
Sandcastles
26%
End of Time
25%
Freakum Dress
21%
Kitty Kat
21%
Green Light
20%
Listen
20%
MINE
20%
Best Thing I Never Had
19%
Ego
19%
Forward
19%
Hello
19%
Party
19%
Video Phone
19%
Jealous
18%
I Was Here
17%
Ring the Alarm
17%
Superpower
17%
Get Me Bodied
16%
Get me Bodied
16%
Yes
16%
No Angel
15%
Radio
15%
Hip Hop Star
14%
Speechless
14%
Dangerously in Love 2
13%
Heaven
13%
Suga Mama
13%
Broken-Hearted Girl
12%
I Miss You
12%
Resentment
12%
Be with You
11%
Rather Die Young
11%
Check on It
10%
Start Over
9%
Gift from Virgo
8%
Ring Off
8%
Why Don't You Love Me
8%
Satellites
7%
Smash into You
7%
Standing On The Sun
7%
Disappear
6%
The Closer I Get to You
6%
Scared of Lonely
5%
That's How You Like It
5%
Save the Hero
4%
Signes
4%
Avec Maria
2%
That's Why You're Beautiful
2%
Aucun quiz correspondant
Distribution des résultats
% des personnes avec chaque résultat
Percentile par nombre de réponses
Votre historique - résultats
Vous n’avez pas pris ce quiz